000 00822nam a2200253Ia 4500
003 OSt
005 20221005112848.0
006 a|||||r|||| 00| 0
007 ta
008 221004b |||||||| |||| 00| 0 pan d
020 _a8187762519 (hbk)
_c300
024 _a6921
037 _b696, 14/06/2013, H.K. Prakashan
_cTextual
040 _aCRL
_cCRL
_bpan
041 _2pan
_apan
082 _aO153,6NRA1:g, P8
100 _aਰਣਜੀਤ ਕੌਰ
245 0 _aਸਵੈ ਦੇ ਆਰ ਪਾਰ
260 _aਦਿੱਲੀ
_bਐੱਚ ਪ੍ਰਕਾFਨ ਭਾਰਤ
_c2008
300 _a231ਪੰ
_ccm.
650 _aਪੰਜਾਬੀ ਸਾਹਿਤ
942 _hO153,6NRA1:g, P8
_cTEXL
_2cc
999 _c1026223
_d1026223